• 首页
  • 本馆介绍
  • 公告通知
  • 最新文献
  • 馆藏检索
  • 电子资源
  • 读者导购
  • 参考咨询
  • 我的图书馆
  • 登录
  • 详细信息显示
  • 放入我的书架
  • 预约/预借图书
  • 作者相关作品
  • 分类相关作品
  • 丛书相关作品
  • 出版社相关作品

书目信息

  • 表格格式
  • 工作单格式
  • 卡片格式
题名:
显微镜下的大明
    
 
作者: 马伯庸 著
分册:  
出版信息: 长沙   湖南文艺出版社  2019
页数: 333页
开本: 24cm
丛书名:
单 册:
中图分类: K248.09
科图分类:
主题词: 中国历史--Zhong Guo Li Shi--明代--通俗读物
电子资源:
ISBN: 978-7-5404-8847-5
000 00739nam0 2200241 450
001 1933733532
005 20190118084202.4
010    @a978-7-5404-8847-5@dCNY 52.00
092    @aCN@bREADER-58374
099    @aCAL 012019008153
100    @a20190117d2019 em y0chiy50 ea
101 0  @achi
102    @aCN@b430000
105    @aabhkz 000yy
200 1  @a显微镜下的大明@AXian Wei Jing Xia De Da Ming@f马伯庸著
210    @a长沙@c湖南文艺出版社@d2019
215    @a333页@c图, 地图, 摹真@d24cm
314    @a马伯庸, 作家, 人民文学奖, 朱自清散文奖, 银河奖得主。
606 0  @a中国历史@AZhong Guo Li Shi@z明代@j通俗读物
690    @aK248.09@v5
701  0 @a马伯庸@AMa Bo Yong@4著
801  0 @aCN@bTJDX@c20190117
905    @aBZT@dK248.09@e11
    
    显微镜下的大明/马伯庸著.-长沙:湖南文艺出版社,2019
    333页:图, 地图, 摹真;24cm
    
    
    ISBN 978-7-5404-8847-5:CNY 52.00
    
●
相关链接 在五车中查询图书 在当当中查询图书 在豆瓣中查询图书


正题名:显微镜下的大明     索取号:K248.09/11         预约/预借

序号 登录号 条形码 馆藏地/架位号 状态 备注
1 866401   2000866401   第二书库/ [索取号:K248.09/11] 在馆    
2 866402   2000866402   第二书库/ [索取号:K248.09/11] 在馆    
3 866403   2000866403   第二书库/ [索取号:K248.09/11] 在馆    
山东省滨州职业学院图书馆 欢迎您!
大连网信软件有限公司© 版权所有